La epopeya del hombre / (Record no. 59666)
[ view plain ]
| 000 -LEADER | |
|---|---|
| campo de control de longitud fija | 00537nam a2200169 i 4500 |
| 001 - NÚMERO DE CONTROL | |
| campo de control | 59666 |
| 003 - IDENTIFICADOR DE NÚMERO DE CONTROL | |
| campo de control | ES-MaACL |
| 005 - FECHA Y HORA DE LA ÚLTIMA TRANSACCIÓN | |
| campo de control | 20230906164057.0 |
| 007 - CAMPO FIJO DE DESCRIPCIÓN FÍSICA--INFORMACIÓN GENERAL | |
| campo de control de longitud fija | t| |
| 008 - DATOS DE LONGITUD FIJA--INFORMACIÓN GENERAL | |
| campo de control de longitud fija | 031030s1962 sp ||||1| spa d |
| 245 03 - MENCIÓN DEL TÍTULO | |
| Título | La epopeya del hombre / |
| Mención de responsabilidad, etc. | [realizada bajo la dirección de John Walters ; versión española de Juan Godo Costa]. |
| 260 ## - PUBLICACIÓN, DISTRIBUCIÓN, ETC. | |
| Lugar de publicación, distribución, etc. | [S.l.] : |
| Nombre del editor, distribuidor, etc. | Luis Miracle, |
| Fecha de publicación, distribución, etc. | [1962] |
| 300 ## - DESCRIPCIÓN FÍSICA | |
| Extensión | 305 p. : |
| Otras características físicas | il. ; |
| Dimensiones | 33 cm. |
| 700 1# - ENTRADA AGREGADA--NOMBRE PERSONAL | |
| Nombre de persona | Walters, John. |
| 9 (RLIN) | 116014 |
| 700 1# - ENTRADA AGREGADA--NOMBRE PERSONAL | |
| Nombre de persona | Godo Costa, Juan. |
| 9 (RLIN) | 57532 |
| 852 ## - LOCALIZACIÓN | |
| Ubicación | ES-MaACL |
| Número de control de estantería | C-24259 |
| Sublocalización o colección | R.51601 |
| Estatus retirado | Estado de pérdida | Estado de daño | No para préstamo | Biblioteca de origen | Biblioteca actual | Ubicación en estantería | Fecha de adquisición | Fuente de adquisición | Total de préstamos | Signatura topográfica completa | Código de barras | Visto por última vez | Precio de reemplazo | Tipo de ítem Koha |
|---|---|---|---|---|---|---|---|---|---|---|---|---|---|---|
| Biblioteca del Ateneo de Madrid | Biblioteca del Ateneo de Madrid | Depósito 2 | 17/01/2008 | C-24259 | 1062582 | 23/02/2023 | 23/02/2023 | Libro impreso |
